Relegated Teams From Top 5 Leagues 2023-24 - Statistics

General Stats
  • This quiz has been taken 55 times
  • The average score is 8 of 14
Answer Stats
Nation Answer % Correct
Premier League Luton Town
83%
Premier League Burnley
81%
Premier League Sheffield United
79%
La Liga Almería
60%
Bundesliga FC Köln
60%
Serie A Sassuolo
60%
Ligue 1 Metz
54%
La Liga Cadíz
52%
Serie A Salernitana
52%
La Liga Granada
50%
Ligue 1 Lorient
50%
Serie A Frosinone
48%
Bundesliga Darmstadt 98
46%
Ligue 1 Clermont Foot
44%
No matching quizzes found
Score Distribution
Percent of People with Each Score
Percentile by Number Answered
Your Score History
You have not taken this quiz